|
|
|
|
| LEADER |
00000nam0a2200000 4500 |
| 001 |
35706 |
| 005 |
20231030234631.0 |
| 035 |
|
|
|a (RuTPU)RU\TPU\book\36145
|
| 035 |
|
|
|a BOOK00002797
|
| 090 |
|
|
|a 35706
|
| 100 |
|
|
|a 20011210d1985 k y0rusy50 ca
|
| 101 |
0 |
|
|a rus
|
| 102 |
|
|
|a RU
|
| 105 |
|
|
|a y z 000zy
|
| 200 |
1 |
|
|a Алгоритмы статистических измерений
|f В. В. Губарев
|
| 210 |
|
|
|a Москва
|c Энергоатомиздат
|d 1985
|
| 215 |
|
|
|a 272 с.
|
| 610 |
1 |
|
|a статистические измерения
|
| 610 |
1 |
|
|a алгоритмы
|
| 610 |
1 |
|
|a параметрическое оценивание
|
| 610 |
1 |
|
|a непараметрическое оценивание
|
| 610 |
1 |
|
|a законы распределения
|
| 610 |
1 |
|
|a характеристики
|
| 675 |
|
|
|a 519.23
|v 3
|
| 700 |
|
1 |
|a Губарев
|b В. В.
|g Василий Васильевич
|
| 801 |
|
0 |
|a RU
|b 63413507
|c 20011210
|g PSBO
|
| 801 |
|
2 |
|a RU
|b 63413507
|c 20201203
|g PSBO
|
| 900 |
|
|
|a Обработка экспериментальных данных на ЭВМ
|
| 942 |
|
|
|c BK
|